Tết xứ Quảng

সংরক্ষণ করুন:
গ্রন্থ-পঞ্জীর বিবরন
প্রধান লেখক: Võ, Văn Hòe
সংস্থা লেখক: Hội Văn nghệ dân gian Việt Nam
বিন্যাস: গ্রন্থ
ভাষা:Vietnamese
প্রকাশিত: Hà Nội Dân trí 2011
বিষয়গুলি:
ট্যাগগুলো: ট্যাগ যুক্ত করুন
কোনো ট্যাগ নেই, প্রথমজন হিসাবে ট্যাগ করুন!
Thư viện lưu trữ: Trung tâm Học liệu Lê Vũ Hùng, Trường Đại học Đồng Tháp
LEADER 00877pam a22002898a 4500
001 00027368
005 20171026081022.0
008 111028s2011 ||||||viesd
041 0 # |a vie 
082 1 4 |a 394.261 409 597  |b T258X 
100 1 # |a Võ, Văn Hòe 
245 1 0 |a Tết xứ Quảng  |c Võ Văn Hòe 
260 # # |a Hà Nội  |b Dân trí  |c 2011 
300 # # |a 281 tr.  |c 21 cm. 
500 # # |a ĐTTS ghi: Hội Văn nghệ dân gian Việt Nam 
541 # # |a Tặng 
650 # 4 |a Văn hóa  |x Tết  |z Xứ Quảng  |z Việt Nam 
653 # # |a Tết 
710 2 # |a Hội Văn nghệ dân gian Việt Nam 
852 # # |b Kho đọc  |j KD.0011920 
852 # # |j KD.0011920 
910 0 # |a Ntuyet  |d 28/10/2011 
980 # # |a Trung tâm Học liệu Lê Vũ Hùng, Trường Đại học Đồng Tháp